Ч. 1: А-Ж, Ч. 2: З-К; Новый и полный географический словарь Российского государства, или Лексикон, Описующий азбучным порядком, географически, топографически, идрографически, политически, хронологически, генеалогически и гералдически, Наместничества, Области и уезды; города, крепости, редуты, форпосты, остроги, ясашные зимовья, станицы, местечки, села, погосты, ямы и слободы; Соборы, церкви и монастыри; рудные и другие заводы и фабрики; реки, озера и моря; острова и горы; прежние и новые иностранные поселения; обитателей как природных российских, так и других народов, и прочие достопамятные места обширной Империи Российской в нынешнем ее состоянии, в царствование императрицы Екатерины Великой новоустроенном; С объяснением и тех мест, которые в прежние войны и прошедшую Турецкую; а некоторые прежде того и от Персии храбростью российскою или обладаемы были, или и ныне находятся еще во владении; также и тех, которые в преславное настоящее царствование с Белоруссией и с полуостровом Крымом к России присоединены; Из достопамятных и достоверных древних и новых источников собранный
| Parent link: | Новый и полный географический словарь Российского государства, или Лексикон, Описующий азбучным порядком, географически, топографически, идрографически, политически, хронологически, генеалогически и гералдически, Наместничества, Области и уезды; города, крепости, редуты, форпосты, остроги, ясашные зимовья, станицы, местечки, села, погосты, ямы и слободы; Соборы, церкви и монастыри; рудные и другие заводы и фабрики; реки, озера и моря; острова и горы; прежние и новые иностранные поселения; обитателей как природных российских, так и других народов, и прочие достопамятные места обширной Империи Российской в нынешнем ее состоянии, в царствование императрицы Екатерины Великой новоустроенном; С объяснением и тех мест, которые в прежние войны и прошедшую Турецкую; а некоторые прежде того и от Персии храбростью российскою или обладаемы были, или и ныне находятся еще во владении; также и тех, которые в преславное настоящее царствование с Белоруссией и с полуостровом Крымом к России присоединены; Из достопамятных и достоверных древних и новых источников собранный/ [Л. М. Максимович]. Ч. 1: А-Ж, Ч. 2: З-К.— , 1788-1789 |
|---|---|
| সংক্ষিপ্ত: | Текст в русской дореформенной орфографии На дом не выдается Раздельная пагинация страниц Not_Home |
| ভাষা: | রুশ |
| প্রকাশিত: |
1788
|
| বিষয়গুলি: | |
| বিন্যাস: | MixedMaterials গ্রন্থ |
| KOHA link: | https://koha.lib.tpu.ru/cgi-bin/koha/opac-detail.pl?biblionumber=352044 |
MARC
| LEADER | 00000nam2a2200000 4500 | ||
|---|---|---|---|
| 001 | 352044 | ||
| 005 | 20231102010448.0 | ||
| 035 | |a (RuTPU)RU\TPU\retro\8215 | ||
| 090 | |a 352044 | ||
| 100 | |a 20191113d1788 k y0rusy50 ca | ||
| 101 | 0 | |a rus | |
| 102 | |a RU | ||
| 105 | |a y z 000zy | ||
| 140 | |a y y ff yyybb1000 | ||
| 141 | |5 63413507 |a bf u0cc | ||
| 200 | 0 | |a Ч. 1: А-Ж, Ч. 2: З-К | |
| 210 | |d 1788 | ||
| 215 | |a VIII, 292, [2], 364 с. | ||
| 300 | |a Текст в русской дореформенной орфографии | ||
| 300 | |a На дом не выдается | ||
| 300 | |a Раздельная пагинация страниц | ||
| 316 | |5 63413507: 72//13 |a На форзаце экслибрис Библиотеки С. Н. Кулибина | ||
| 316 | |5 63413507: 72//13 |a На форзаце экслибрис Библиотеки ТТИ | ||
| 316 | |5 63413507: 72//13 |a На титульном листе ч. 1 владельческая надпись: "М. де Траверс" | ||
| 317 | |5 63413507: 72//13 |a Поступил в НТБ в 1900 г. в составе книжного собрания С. Н. Кулибина | ||
| 371 | 0 | |a Not_Home | |
| 461 | 1 | |0 (RuTPU)RU\TPU\retro\8214 |t Новый и полный географический словарь Российского государства, или Лексикон, Описующий азбучным порядком, географически, топографически, идрографически, политически, хронологически, генеалогически и гералдически, Наместничества, Области и уезды; города, крепости, редуты, форпосты, остроги, ясашные зимовья, станицы, местечки, села, погосты, ямы и слободы; Соборы, церкви и монастыри; рудные и другие заводы и фабрики; реки, озера и моря; острова и горы; прежние и новые иностранные поселения; обитателей как природных российских, так и других народов, и прочие достопамятные места обширной Империи Российской в нынешнем ее состоянии, в царствование императрицы Екатерины Великой новоустроенном; С объяснением и тех мест, которые в прежние войны и прошедшую Турецкую; а некоторые прежде того и от Персии храбростью российскою или обладаемы были, или и ныне находятся еще во владении; также и тех, которые в преславное настоящее царствование с Белоруссией и с полуостровом Крымом к России присоединены; Из достопамятных и достоверных древних и новых источников собранный |f [Л. М. Максимович] |v Ч. 1: А-Ж, Ч. 2: З-К |d 1788-1789 | |
| 606 | 1 | |a Путешествия |2 stltpush |3 (RuTPU)RU\TPU\subj\53234 |9 71554 | |
| 606 | 1 | |a Словари |x Определитель формы |2 stltpush |3 (RuTPU)RU\TPU\subj\55182 |9 73242 | |
| 606 | 1 | |a Российское государство |x Социально-политическое развитие |x Имидж |2 stltpush |3 (RuTPU)RU\TPU\subj\68290 |9 83718 | |
| 606 | 1 | |a География |y Россия |2 stltpush |3 (RuTPU)RU\TPU\subj\69320 |9 84231 | |
| 610 | 1 | |a книжные памятники | |
| 610 | 1 | |a области | |
| 610 | 1 | |a города | |
| 610 | 1 | |a села | |
| 610 | 1 | |a соборы | |
| 610 | 1 | |a уезды | |
| 610 | 1 | |a заводы | |
| 610 | 1 | |a фабрики | |
| 610 | 1 | |a Российское государство | |
| 610 | 1 | |a владельческие знаки | |
| 610 | 1 | |a Библиотека Кулибиных | |
| 675 | |a (038) |v 3 | ||
| 675 | |a 91(47+57) |v 3 | ||
| 686 | |a Ф3(3)12 |v LBC/SL-A |2 rubbk | ||
| 801 | 0 | |a RU |b 63413507 |c 20011210 |g PSBO | |
| 801 | 2 | |a RU |b 63413507 |c 20210628 |g PSBO | |
| 942 | |c BK | ||